LEADER 03181nam 2200613 450 001 9910785105703321 005 20230125204249.0 010 $a1-60807-130-8 035 $a(CKB)2670000000054348 035 $a(EBL)617502 035 $a(OCoLC)688626733 035 $a(SSID)ssj0000423171 035 $a(PQKBManifestationID)12145189 035 $a(PQKBTitleCode)TC0000423171 035 $a(PQKBWorkID)10438915 035 $a(PQKB)10534899 035 $a(Au-PeEL)EBL617502 035 $a(CaPaEBR)ebr10430896 035 $a(CaBNVSL)mat09100410 035 $a(IEEE)9100410 035 $a(MiAaPQ)EBC617502 035 $a(EXLCZ)992670000000054348 100 $a20200729d2010 uy 101 0 $aeng 135 $aur|n|---||||| 181 $ctxt 182 $cc 183 $acr 200 10$aMicrowave network design using the scattering matrix /$fJanusz A. Dobrowolski 210 1$aBoston :$cArtech House,$dİ2010. 210 2$a[Piscataqay, New Jersey] :$cIEEE Xplore,$d[2010] 215 $a1 online resource (286 p.) 225 1 $aArtech House microwave library 300 $aDescription based upon print version of record. 311 $a1-60807-129-4 320 $aIncludes bibliographical references and index. 327 $a1. Introduction -- 2. Theory of uniform waveguides -- 3. Theory of transmission lines -- 4. Wave variables and the scattering matrix -- 5. Signal analysis of multiport networks -- 6. Mode wave variables and mixed mode scattering matrix of differential networks -- 7. Noise wave variables and the scattering matrix -- 8. Noise analysis of multiport networks -- 9. Scattering functions in nonlinear modeling of microwave devices. 330 3 $aThis authoritative resource provides you with comprehensive and detailed coverage of the wave approach to microwave network characterization, analysis, and design using scattering parameters. For the first time in any book, all aspects and approaches to wave variables and the scattering matrix are explored. The book compares and contrasts voltage waves, travelling waves, pseudo waves, and power waves, and explains the differences between real scattering parameters, pseudo scattering parameters, and power scattering parameters. You find important discussions on standard scattering matrices and wave quantities, mixed mode wave variables, and noise wave variables with noise wave correlation matrices. Moreover, the book presents clear methods for standard single ended multiport network design and noise analysis. This in-depth reference is packed with over 1,100 equations and numerous illustrations.$cPublisher abstract. 410 0$aArtech House microwave library. 606 $aS-matrix theory 606 $aScattering (Physics) 606 $aMicrowave circuits 615 0$aS-matrix theory. 615 0$aScattering (Physics) 615 0$aMicrowave circuits. 676 $a621.3813 700 $aDobrowolski$b Janusz$01474611 801 0$bCaBNVSL 801 1$bCaBNVSL 801 2$bCaBNVSL 906 $aBOOK 912 $a9910785105703321 996 $aMicrowave network design using the scattering matrix$93688389 997 $aUNINA LEADER 02777nam 2200661z- 450 001 9910557723703321 005 20220111 035 $a(CKB)5400000000046087 035 $a(oapen)https://directory.doabooks.org/handle/20.500.12854/76456 035 $a(oapen)doab76456 035 $a(EXLCZ)995400000000046087 100 $a20202201d2021 |y 0 101 0 $aeng 135 $aurmn|---annan 181 $ctxt$2rdacontent 182 $cc$2rdamedia 183 $acr$2rdacarrier 200 00$aAlternative Fuels and Their Application to Combustion Engines 210 $aBasel, Switzerland$cMDPI - Multidisciplinary Digital Publishing Institute$d2021 215 $a1 online resource (114 p.) 311 08$a3-0365-1398-1 311 08$a3-0365-1397-3 330 $aThe world is observing the disastrous consequences of climate change. The recent bushfires in Australia in 2019-2020 have burned 16.8 million hectares of land and killed 1 billion animals (estimated). Although diesel vehicles are widely used all over the world due their innate high power output, adaptability, and affordability; the transport sector is a significant contributor to carbon dioxide, which is immensely accountable for global warming. The production of cleaner alternatives to diesel fuel will help to build a sustainable environment for future generations. The Special Issue contains papers from experts around the world addressing the mentioned issues and suggesting pathways to improve. 606 $aResearch & information: general$2bicssc 606 $aTechnology: general issues$2bicssc 610 $aalcohol-to-jet 610 $aalternative fuel 610 $aautomotive materials 610 $abiodiesel 610 $acombustion 610 $acompression ignition (CI) engine 610 $acorrosion 610 $acorrosion test methods 610 $aecological indicators 610 $aemission 610 $aenergy indicators 610 $aengine characteristics 610 $afour-ball tribo tester 610 $agreen fuels 610 $ahigh frequeny reciprocating rig 610 $aisopropanol 610 $ananoparticle additives 610 $aoptimisation 610 $apalm-sesame biodiesel 610 $aparticles 610 $aparticulate matter 610 $aSAF 610 $atribological characteristics 610 $aultrasonic-assisted technology 610 $awaste coffee grounds 615 7$aResearch & information: general 615 7$aTechnology: general issues 700 $aRahman$b S M Ashrafur$4edt$01309864 702 $aRahman$b S M Ashrafur$4oth 906 $aBOOK 912 $a9910557723703321 996 $aAlternative Fuels and Their Application to Combustion Engines$93029677 997 $aUNINA